000 00432nam a2200133 4500
008 151012b xxu||||| |||| 00| 0 eng d
050 _aSPE PS 3558 .A655 1983
100 _aHarris, Ruth.
_d1983.
245 _aA self-made woman/
_cRuth Harris.
260 _aNew York:
_bMcMillan publishing company,
_c1983.
300 _a309 p.
650 _aEnglish fiction.
942 _2lcc
_cSH_L_BOOKS
_hSPE PS 3558 .A655 1983
999 _c8518
_d8518